Normal view
MARC view
- ترجمة وتعليق الزيدي، وليد كاصد
Entry Personal Name
001 - CONTROL NUMBER
- control field: 35731
003 - CONTROL NUMBER IDENTIFIER
- control field: JO-AjAnu
005 - DATE AND TIME OF LATEST TRANSACTION
- control field: 20230606075955.0
008 - FIXED-LENGTH DATA ELEMENTS
- fixed length control field: 230606|| aca||aabn | a|a d
040 ## - CATALOGING SOURCE
- Original cataloging agency: JO-AjAnu
- Transcribing agency: JO-AjAnu
100 ## - HEADING--PERSONAL NAME
- Personal name: ترجمة وتعليق الزيدي، وليد كاصد
670 ## - SOURCE DATA FOUND
- Source citation: Work cat.: (JO-AjAnu)18348: ترجمة وتعليق الزيدي، وليد كاصد, author, بغداد في مذكرات الرحالة الفرنسيين بين القرنين (17-20) الميلاديين